Sesiones del Congreso Constituyente. Números 1 a 11

Gespeichert in:
Bibliographische Detailangaben
Körperschaft: Congreso Nacional (VerfasserIn)
Format: Buch
Sprache:Spanisch
Veröffentlicht: Santiago Imprenta de la Biblioteca 1827
Ausgabe:1a. ed
Schlagworte:
Tags: Tag hinzufügen
Keine Tags, Fügen Sie den ersten Tag hinzu!

MARC

LEADER 00000nam a2200000 a 4500
001 UCJ3892
003 CL-VaPUC
008 070124e18270000CL |||||||||||||||||spa|d
082 0 4 |a 983  |b CON  |2 21 
110 2 |a Congreso Nacional  |e author  |9 506431 
245 1 0 |a Sesiones del Congreso Constituyente. Números 1 a 11 
250 |a 1a. ed 
300 |a pág. irreg 
942 |c BK 
945 |d 20070124 00:00:00  |a rinostro 
260 |a Santiago  |b Imprenta de la Biblioteca  |c 1827 
650 0 |a Historia de Chile  |9 265473 
650 0 |a Derecho constitucional   |9 222588 
650 0 |a Constitución política  |9 336925 
650 7 |a DOCUMENTOS  |2 CL-VaPUC  |9 366450 
583 |a last modification  |c 20070124 00:00:00  |k Rodrigo Vera 
999 |c 320011  |d 320009 
952 |0 0  |1 0  |4 0  |6 983_000000000000000_CON_1827  |7 0  |8 X  |9 398445  |a FDOBUD  |b FDOBUD  |d 2019-11-22  |i 1051466  |o 983 CON 1827  |p 1051466  |r 2019-11-22  |w 2019-11-22  |y BK_X  |k BUD